Liedtext - Du hast den Farbfilm vergessen - Nina Hagen - Statistiken

Allgemein
  • Dieses Quiz wurde 556 mal gespielt
  • Das Durchschnittsergebnis liegt bei 166 aus 239
Antwortstatistiken
Textquiz % Korrekt
den
99%
Du
98%
Farbfilm
98%
hast
98%
vergessen
98%
mein
94%
Micha
93%
Michael
88%
und
88%
Und
88%
da
84%
so
82%
So
82%
ich
80%
Ich
80%
alles
79%
Alles
79%
das
77%
war
77%
wie
76%
am
73%
die
72%
der
71%
nicht
69%
bei
68%
hier
68%
kein
68%
weh
68%
meiner
67%
Strand
67%
geh
66%
Tu
66%
weiß
66%
mehr
65%
von
65%
noch
64%
Nun
64%
uns
64%
einmal
63%
im
63%
tat
63%
Sand
62%
Seel'
62%
Dass
61%
Mensch
61%
schön's
61%
blau
57%
glaubt
57%
ist
57%
aus
56%
Hiddensee
56%
Bikini
55%
später
54%
dem
53%
grün
53%
wahr
53%
FKK
52%
stand
52%
Hoch
51%
mir
50%
nur
50%
tut
50%
Kaninchen
49%
Sanddorn
49%
zu
49%
Bau
48%
haha
47%
in's
47%
schauten
47%
auch
46%
dir
46%
schwarzweiß
46%
deine
45%
Fuß
45%
Himmelblau
44%
scheu
44%
sich
44%
Fotos
42%
Nina
42%
entlud
41%
Hand
41%
ja
40%
Landschaft
40%
laut
40%
Leid
40%
nackter
40%
frech
39%
Haus
39%
Mini
39%
wieder
39%
Schulter
37%
sitz
37%
stampfte
37%
Fotoalbum
36%
Aber
34%
such'
34%
für's
33%
schlug
32%
heiß
31%
Tränen
31%
kullern
29%
böse
28%
schrecklich
22%
Keine übereinstimmenden Quizze gefunden
Verteilung der Resultate
Anzahl Personen mit jedem Resultat
Perzentil nach korrekt beantworteten Fragen
Ihre Resultats-Entwicklung
Sie haben dieses Quiz noch nicht gespielt